| 000 | 00486nam a2200145 i 4500 | ||
|---|---|---|---|
| 001 | 46208 | ||
| 003 | ES-MaACL | ||
| 007 | t| | ||
| 008 | 030328s1873 sp ||||1| spa d | ||
| 100 | 1 |
_aComas de Rindor, Francisco. _939945 |
|
| 245 | 1 | 0 |
_aReglamento para socorrer a los niños huérfanos y desvalidos sin necesidad de grandes dispendios / _cFrancisco Comas de Rindor. |
| 260 |
_aHabana : _b[s.n.], _c1873 ( _fImp. El Iris) |
||
| 300 |
_a15 p. ; _c16 cm. |
||
| 852 |
_aES-MaACL _jT-211-F-2 |
||
| 999 |
_c46208 _d46208 |
||